| 000 | 00000nas 2200000za 4500 |
| 001 | 9.502177 |
| 003 | CaOODSP |
| 005 | 20221107133042 |
| 007 | cr ||||||||||| |
| 008 | 150406c20039999oncar p o f0 b0fre|d |
| 022 | |a1708-4172 |
| 040 | |aCaOODSP|bfre |
| 043 | |an-cn--- |
| 086 | 1 |aA38-1/1F-PDF |
| 130 | 0 |aVue d'ensemble du système agricole et agroalimentaire canadien (En ligne) |
| 222 | 0|aVue d'ensemble du système agricole et agroalimentaire canadien |b(En ligne) |
| 245 | 10|aVue d'ensemble du système agricole et agroalimentaire canadien |h[ressource électronique]. |
| 260 | |a[Ottawa] : |bAgriculture et agroalimentaire Canada, |c2003- |
| 310 | |aAnnuel |
| 362 | 0 |aJuin 2003- |
| 490 | 0 |aPublication |
| 500 | |aPubli. aussi en anglais sous le titre : An overview of the Canadian agriculture and agri-food system. |
| 520 | |aDonne un aperçu de la situation économique du système agricole et agroalimentaire canadien. Il a été conçu comme un document de référence polyvalent qui : constitue une introduction au système agricole et agroalimentaire ; donne un aperçu des transformations structurelles qui surviennent à l’échelle du système en réaction à différents facteurs ; présente des données et des renseignements généraux visant à éclairer les discussions publiques sur les défis et les possibilités dans le secteur agricole et agroalimentaire du Canada. |
| 550 | |aPubl. 200-- par: Direction de la recherche et de l'analyse, Direction générale des politiques stratégiques. |
| 691 | 07|aIndustrie agro-alimentaire|2gcpds |
| 710 | 1 |aCanada. |bAgriculture et agroalimentaire Canada. |bDirection générale des politiques stratégiques. |bDirection de la recherche et de l'analyse. |
| 775 | 08|tAn overview of the Canadian agriculture and agri-food system |w(CaOODSP)9.505772 |
| 776 | 0#|tVue d'ensemble du système agricole et agroalimentaire canadien |w(CaOODSP)9.514101 |